QASID-2013 (Record no. 213773)
[ view plain ]
| 000 -LEADER | |
|---|---|
| fixed length control field | 00270 a2200133 4500 |
| 003 - CONTROL NUMBER IDENTIFIER | |
| control field | Nust |
| 005 - DATE AND TIME OF LATEST TRANSACTION | |
| control field | 20170207170036.0 |
| 040 ## - CATALOGING SOURCE | |
| Transcribing agency | Nust |
| 082 ## - DEWEY DECIMAL CLASSIFICATION NUMBER | |
| Classification number | 050 |
| 100 ## - MAIN ENTRY--PERSONAL NAME | |
| Personal name | Maj General Suhail Abbas Zaidi |
| 245 ## - TITLE STATEMENT | |
| Title | QASID-2013 |
| 260 ## - PUBLICATION, DISTRIBUTION, ETC. | |
| Place of publication, distribution, etc. | Rawalpindi |
| Name of publisher, distributor, etc. | MCS |
| Date of publication, distribution, etc. | 2014 |
| 300 ## - PHYSICAL DESCRIPTION | |
| Extent | 218 p |
| 942 ## - ADDED ENTRY ELEMENTS (KOHA) | |
| Koha item type | |
| Withdrawn status | Lost status | Source of classification or shelving scheme | Damaged status | Not for loan | Collection code | Permanent Location | Current Location | Date acquired | Total Checkouts | Full call number | Barcode | Date last seen | Price effective from | Koha item type |
|---|---|---|---|---|---|---|---|---|---|---|---|---|---|---|
| Military College of Signals (MCS) | Military College of Signals (MCS) | 12/12/2016 | 050 ZAI | MCSP-23/48(2) | 12/08/2016 | 12/12/2016 | Book | |||||||
| Military College of Signals (MCS) | Military College of Signals (MCS) | 12/12/2016 | 050 ZAI | MCSP-23/58(1) | 12/08/2016 | 12/12/2016 | Book |
